Currents in african literature and the english language: CALEL: journal of the annual International Conference on African Literature and the English Language (Record no. 38153)
[ view plain ]
| 000 -LEADER | |
|---|---|
| fixed length control field | 00608nam a2200169Ia 4500 |
| 022 ## - INTERNATIONAL STANDARD SERIAL NUMBER | |
| ISSN | 15973611 |
| 050 ## - CALL MARK | |
| Classification number | PR 9340 .A25/ |
| 245 #0 - TITLE STATEMENT | |
| Title | Currents in african literature and the english language: CALEL: journal of the annual International Conference on African Literature and the English Language |
| 260 ## - PUBLICATION, DISTRIBUTION, ETC. (IMPRINT) | |
| Place of publication | Calabar |
| 260 ## - PUBLICATION, DISTRIBUTION, ETC. (IMPRINT) | |
| Name of publisher | Department of English and Literary Studies |
| 260 ## - PUBLICATION, DISTRIBUTION, ETC. (IMPRINT) | |
| Year of publication | 2006 |
| 300 ## - PHYSICAL DESCRIPTION | |
| Number of Pages | vi, 169 p. ; 25 cm. |
| 650 ## - SUBJECT ADDED ENTRY--TOPICAL TERM | |
| Topical Term | African literature (English)--History and criticism--Periodicals. |
| 942 ## - ADDED ENTRY ELEMENTS (KOHA) | |
| Koha item type | Serials |
No items available.